00557nam a22002051 4500001001300000003000400013005001700017008004100034010001700075050002000092082001000112100001800122245003900140250002700179260004200206300003100248504003000279650002500309999001700334sa 68000665 DLC20260227112426.0710901s1967 ii a b 00000 eng  asa 68000665 0 aTJ840b.L3 1967 a621.210aLal, Jagdish.10aHydraulic machines (in MKS units). a[4th ed., rev. & enl.]0 aDelhi,bMetropolitan Book Co.c[1967] axx, 631 p.billus.c25 cm. aBibliography: p. 617-618. 0aHydraulic machinery. c77375d77375